| 000 | 00631nam a22001937a 4500 | ||
|---|---|---|---|
| 999 |
_c525313 _d525313 |
||
| 003 | NUST | ||
| 005 | 20190630131623.0 | ||
| 008 | 190630b ||||| |||| 00| 0 eng d | ||
| 038 | _aAttaullah. | ||
| 082 | _a620.005 | ||
| 100 |
_aAhmed, Ameer _916066 |
||
| 245 |
_aThe Impact of Career Self Management on Employees Organizational Commitment in the Banking Sector of Pakistan / _cAmeer Ahmed. |
||
| 260 |
_aIslamabad : _bCEME - NUST, _c2013. |
||
| 300 |
_axi, 68 p. : ill. ; _c30cm. |
||
| 500 | _aHard Cover. | ||
| 650 |
_aEngineering Management - MS Thesis. _916065 |
||
| 700 |
_aAkhtar Nawaz Malik. _916067 |
||
| 942 |
_2ddc _cTHE |
||